[Event "Titled Tuesday intern op 31st Jan Late"]
[Site "Chess.com INT"]
[Date "2023.01.31"]
[Round "10"]
[White "Hasanagic, Anel"]
[Black "Pakleza, Zbigniew"]
[Result "0-1"]
[WhiteElo "2243"]
[BlackElo "2496"]
[PlyCount "44"]
[EventDate "2023.01.31"]
[EventType "swiss (blitz)"]
[EventRounds "11"]
[EventCountry "USA"]
[SourceTitle "CBM 212 Extra"]
[Source "ChessBase"]
[SourceDate "2023.03.31"]
[SourceVersion "1"]
[SourceVersionDate "2023.03.31"]
[SourceQuality "1"]

1. e3 d5 2. b3 Nf6 3. Bb2 Bf5 4. Nf3 e6 5. Nh4 Bg6 6. d3 c6 7. Nd2 Bh5 8. Nhf3 Nbd7 9. h3 Qc7 10. Be2 a5 11. a4 Be7 12. d4 0-0 13. 0-0 Rfd8 14. Ne1 Bxe2 15. Qxe2 e5 16. dxe5 Nxe5 17. Nd3 Bd6 18. f4 Ned7 19. c4 Re8 20. Rac1 Qb6 21. Bd4 Qxd4 22. exd4 Rxe2 0-1

[Event "Titled Tuesday intern op 31st Jan Late"]
[Site "Chess.com INT"]
[Date "2023.01.31"]
[Round "7"]
[White "Yoo, Christopher Woojin"]
[Black "Hasanagic, Anel"]
[Result "1-0"]
[WhiteElo "2584"]
[BlackElo "2243"]
[PlyCount "55"]
[EventDate "2023.01.31"]
[EventType "swiss (blitz)"]
[EventRounds "11"]
[EventCountry "USA"]
[SourceTitle "CBM 212 Extra"]
[Source "ChessBase"]
[SourceDate "2023.03.31"]
[SourceVersion "1"]
[SourceVersionDate "2023.03.31"]
[SourceQuality "1"]

1. e4 c6 2. d3 d5 3. Nd2 Nf6 4. Ngf3 Bg4 5. h3 Bh5 6. e5 Nfd7 7. e6 fxe6 8. Be2 h6 9. Nh4 Bf7 10. Bh5 Nf6 11. Bxf7+ Kxf7 12. 0-0 Nbd7 13. Re1 Qc7 14. Qe2 e5 15. f4 e4 16. dxe4 Qxf4 17. Nf5 dxe4 18. Rf1 Qe5 19. Nc4 Qb5 20. a4 Qa6 21. b4 g6 22. Ng3 Bg7 23. Bb2 Rhe8 24. Nxe4 Kg8 25. Nc3 Nd5 26. b5 Nxc3 27. Qe6+ Kh7 28. bxa6 1-0

[Event "Titled Tuesday intern op 6th June"]
[Site "Chess.com INT"]
[Date "2020.06.02"]
[Round "3"]
[White "Arjun, Kalyan"]
[Black "Hasanagic, Anel"]
[Result "1-0"]
[WhiteElo "2477"]
[BlackElo "2235"]
[PlyCount "91"]
[EventDate "2020.06.02"]
[EventType "swiss (blitz)"]
[EventRounds "10"]
[EventCountry "USA"]
[SourceTitle "CBM 196 Extra"]
[Source "ChessBase"]
[SourceDate "2020.07.31"]
[SourceVersion "1"]
[SourceVersionDate "2020.07.31"]
[SourceQuality "1"]

1. e4 c6 2. Nf3 d5 3. Nc3 Bg4 4. h3 Bxf3 5. Qxf3 Nf6 6. d3 e6 7. Bd2 Bb4 8. 0-0-0 d4 9. Nb1 Qa5 10. a3 Bxd2+ 11. Nxd2 c5 12. Nc4 Qc7 13. e5 Nd5 14. Nd6+ Kf8 15. Qe4 Nc6 16. f4 Rd8 17. g4 Ne3 18. Re1 h5 19. Bg2 f6 20. Bf3 fxe5 21. fxe5 Nxe5 22. Qxe5 Qxd6 23. Qxd6+ Rxd6 24. gxh5 b6 25. Rhg1 Rh6 26. Rg3 Rd7 27. Reg1 Rf7 28. Be4 Nf5 29. Rg5 Rhf6 30. c3 e5 31. Bd5 Rd7 32. Be4 Rdf7 33. b4 dxc3 34. bxc5 bxc5 35. Kc2 Nd4+ 36. Kxc3 Rf2 37. Kc4 Rd7 38. R5g2 Rxg2 39. Rxg2 Rd6 40. Kxc5 Ra6 41. Kd5 Ra5+ 42. Kd6 Rxa3 43. Kxe5 Nb5 44. Rc2 Ke7 45. Rc8 Ra5 46. Kf4 1-0

[Event "EU-ch Online 2300+ Qual"]
[Site "Chess.com INT"]
[Date "2020.05.29"]
[Round "6"]
[White "Bodnaruk, Anastasia"]
[Black "Hasanagic, Anel"]
[Result "1/2-1/2"]
[WhiteElo "2411"]
[BlackElo "2235"]
[PlyCount "167"]
[EventDate "2020.05.29"]
[EventType "swiss"]
[EventRounds "8"]
[EventCountry "NET"]
[SourceTitle "CBM 196 Extra"]
[Source "ChessBase"]
[SourceDate "2020.07.31"]
[SourceVersion "1"]
[SourceVersionDate "2020.07.31"]
[SourceQuality "1"]

1. e4 c6 2. d4 d5 3. e5 c5 4. c3 Nc6 5. Be2 Nh6 6. Nf3 Bg4 7. dxc5 e6 8. b4 Bxf3 9. Bxf3 Nxe5 10. Be2 g6 11. 0-0 Bg7 12. Na3 0-0 13. Bd2 Nf5 14. Nc2 Nc6 15. Bd3 a6 16. f4 h5 17. a4 a5 18. Bxf5 exf5 19. b5 Ne7 20. Ra3 Kh7 21. Be3 Ng8 22. Rf2 Nf6 23. Rd2 Qc7 24. Kh1 Rad8 25. Qg1 Rde8 26. Rd3 Ng4 27. Ra1 Nxe3 28. Nxe3 Qxc5 29. Nxd5 Qc4 30. Rd2 Rd8 31. Rad1 Bxc3 32. Ne3 Qc7 33. Rc2 Rxd1 34. Nxd1 Qxf4 35. Nxc3 Qc4 36. Qd1 Rc8 37. h3 h4 38. Rc1 Qb4 39. Ne2 Rxc1 40. Nxc1 Qb1 41. Kh2 Qa1 42. Qe1 Kg7 43. Nd3 Qxa4 44. Qe5+ Kh7 45. Qf6 Qc4 46. Qd6 Qxb5 47. Ne5 Qe8 48. Nd7 Kg7 49. Qd4+ Kh6 50. Qxh4+ Kg7 51. Qd4+ Kh6 52. Nf6 Qb8+ 53. Kh1 a4 54. Qxa4 Qe5 55. Nd7 Qe1+ 56. Kh2 Qe3 57. Qc4 f4 58. Nf6 Qg3+ 59. Kg1 Qe1+ 60. Qf1 Qe3+ 61. Kh1 Qd4 62. Ng4+ Kg7 63. Qc1 b5 64. Nh2 b4 65. Nf3 Qc3 66. Qxc3+ bxc3 67. Nd4 Kf6 68. Kg1 Ke5 69. Nc2 Ke4 70. Kf2 Kd3 71. Nb4+ Kc4 72. Nc2 Kd3 73. Na3 c2 74. Nxc2 Kxc2 75. h4 Kd3 76. Kf3 Kd4 77. Kxf4 f6 78. g4 Kd5 79. g5 Ke6 80. gxf6 Kxf6 81. Kg4 Kf7 82. Kg5 Kg7 83. h5 gxh5 84. Kxh5 1/2-1/2

[Event "EU-ch Online 2300+ Qual"]
[Site "Chess.com INT"]
[Date "2020.05.29"]
[Round "2"]
[White "Hasanagic, Anel"]
[Black "Chigaev, Maksim"]
[Result "0-1"]
[WhiteElo "2235"]
[BlackElo "2588"]
[PlyCount "112"]
[EventDate "2020.05.29"]
[EventType "swiss"]
[EventRounds "8"]
[EventCountry "NET"]
[SourceTitle "CBM 196 Extra"]
[Source "ChessBase"]
[SourceDate "2020.07.31"]
[SourceVersion "1"]
[SourceVersionDate "2020.07.31"]
[SourceQuality "1"]

1. e4 c5 2. c3 Nf6 3. e5 Nd5 4. Nf3 e6 5. Bc4 Nb6 6. Bb3 d6 7. 0-0 Nc6 8. exd6 Bxd6 9. d4 0-0 10. Bg5 f6 11. Be3 cxd4 12. Nxd4 Nxd4 13. Qxd4 Qc7 14. f4 Kh8 15. Rd1 Be7 16. Nd2 Rd8 17. Qe4 Nd5 18. Bxd5 Rxd5 19. Nb3 Rxd1+ 20. Rxd1 Bd7 21. Nd4 Bc5 22. Nxe6 Bxe6 23. Qxe6 Qc6 24. Qh3 Re8 25. Bxc5 Qxc5+ 26. Kh1 Qf2 27. Rg1 Qxf4 28. Qd7 Qe4 29. h3 h5 30. Rd1 Kh7 31. Qd5 Qe2 32. Rd2 Qf1+ 33. Kh2 Re5 34. Qf3 Qxf3 35. gxf3 h4 36. Kg2 Rg5+ 37. Kf2 Rg3 38. Rd7 Rxh3 39. Kg2 Rg3+ 40. Kf2 Rg6 41. Rd4 h3 42. Rh4+ Rh6 43. Rxh6+ Kxh6 44. Kg3 Kg5 45. Kxh3 Kf4 46. Kg2 Ke3 47. Kg3 Kd3 48. Kf4 g6 49. c4 Kxc4 50. Ke4 Kc5 51. f4 Kc4 52. Ke3 Kd5 53. Kd3 a5 54. b3 b5 55. a3 a4 56. bxa4 bxa4 0-1

[Event "EU-ch Online 2300+ Qual"]
[Site "Chess.com INT"]
[Date "2020.05.29"]
[Round "1"]
[White "Hasanagic, Anel"]
[Black "Edouard, Romain"]
[Result "1-0"]
[WhiteElo "2235"]
[BlackElo "2649"]
[PlyCount "85"]
[EventDate "2020.05.29"]
[EventType "swiss"]
[EventRounds "8"]
[EventCountry "NET"]
[SourceTitle "CBM 196 Extra"]
[Source "ChessBase"]
[SourceDate "2020.07.31"]
[SourceVersion "1"]
[SourceVersionDate "2020.07.31"]
[SourceQuality "1"]

1. e4 c5 2. c3 d6 3. d4 Nf6 4. dxc5 Nc6 5. f3 dxc5 6. Qxd8+ Nxd8 7. Be3 e6 8. Na3 a6 9. Nc4 Nd7 10. 0-0-0 b5 11. Nd6+ Bxd6 12. Rxd6 Ke7 13. Rd2 Bb7 14. Nh3 Bc6 15. Be2 Nb7 16. Rhd1 h6 17. Nf4 Ne5 18. Nh5 g6 19. Ng3 g5 20. h3 Ng6 21. Nh5 Rac8 22. g3 Ne5 23. f4 gxf4 24. gxf4 Nc4 25. Bxc4 bxc4 26. f5 e5 27. f6+ Kf8 28. Bxc5+ Nxc5 29. Rd8+ Rxd8 30. Rxd8+ Be8 31. Ng7 Kg8 32. Rxe8+ Kh7 33. Rxh8+ Kxh8 34. Nf5 Kh7 35. Nd6 Kg6 36. Nxc4 Kxf6 37. Nd2 Kg5 38. b4 Nd3+ 39. Kc2 Nf2 40. a4 Nxh3 41. b5 axb5 42. axb5 Nf4 43. b6 1-0

[Event "EU-ch Online U2300 Final"]
[Site "Chess.com INT"]
[Date "2020.05.26"]
[Round "6"]
[White "Khalafova, Narmin Ilgar Qizi"]
[Black "Hasanagic, Anel"]
[Result "0-1"]
[WhiteElo "2279"]
[BlackElo "2235"]
[PlyCount "54"]
[EventDate "2020.05.26"]
[EventType "swiss"]
[EventRounds "8"]
[EventCountry "NET"]
[SourceTitle "CBM 196 Extra"]
[Source "ChessBase"]
[SourceDate "2020.07.31"]
[SourceVersion "1"]
[SourceVersionDate "2020.07.31"]
[SourceQuality "1"]

1. e4 c6 2. Nc3 d5 3. Nf3 Bg4 4. h3 Bxf3 5. Qxf3 Nf6 6. d3 e6 7. Bd2 Bb4 8. 0-0-0 d4 9. Ne2 Bxd2+ 10. Rxd2 c5 11. Kb1 Nc6 12. Qg3 0-0 13. f4 Qa5 14. Rd1 Nb4 15. Nc1 b5 16. f5 exf5 17. exf5 Nfd5 18. a3 Nc3+ 19. bxc3 dxc3 20. Na2 Qxa3 21. Nxc3 Qxc3 22. Qf2 Nd5 23. Be2 Qa3 24. c3 Nxc3+ 25. Kc2 Qa2+ 26. Kc1 Nxe2+ 27. Qxe2 Qxe2 0-1

[Event "Titled Tuesday intern op 5th May"]
[Site "Chess.com INT"]
[Date "2020.05.05"]
[Round "9"]
[White "Kubicka, Anna"]
[Black "Hasanagic, Anel"]
[Result "1-0"]
[WhiteElo "2256"]
[BlackElo "2070"]
[PlyCount "55"]
[EventDate "2020.05.05"]
[EventType "swiss (blitz)"]
[EventRounds "10"]
[EventCountry "USA"]
[SourceTitle "CBM 196 Extra"]
[Source "ChessBase"]
[SourceDate "2020.07.31"]
[SourceVersion "1"]
[SourceVersionDate "2020.07.31"]
[SourceQuality "1"]

1. e4 c6 2. d4 d5 3. e5 c5 4. dxc5 Nc6 5. Bb5 a6 6. Bxc6+ bxc6 7. c3 a5 8. Be3 Nh6 9. Bxh6 gxh6 10. Nf3 Rg8 11. Nbd2 Rxg2 12. Qc2 Rg6 13. 0-0-0 e6 14. Ne4 Be7 15. Nd6+ Kf8 16. Kb1 a4 17. Rhg1 a3 18. b3 Ba6 19. Nd4 Rc8 20. Rxg6 hxg6 21. Rg1 Bxd6 22. exd6 Qh4 23. Qd2 Qxh2 24. Re1 Kg7 25. Qe3 Re8 26. Nxc6 Bc8 27. Qe5+ f6 28. Qxh2 1-0

[Event "Titled Tuesday intern op 28th Apr"]
[Site "Chess.com INT"]
[Date "2020.04.28"]
[Round "7"]
[White "Kotsur, Pavel"]
[Black "Hasanagic, Anel"]
[Result "1-0"]
[WhiteElo "2517"]
[BlackElo "2070"]
[PlyCount "79"]
[EventDate "2020.04.28"]
[EventType "swiss (blitz)"]
[EventRounds "10"]
[EventCountry "USA"]
[SourceTitle "CBM 195 Extra"]
[Source "ChessBase"]
[SourceDate "2020.05.31"]
[SourceVersion "1"]
[SourceVersionDate "2020.05.31"]
[SourceQuality "1"]

1. e4 c6 2. d4 d5 3. e5 c5 4. dxc5 Nc6 5. a3 a5 6. Bb5 Nh6 7. Nf3 Bg4 8. h3 Bxf3 9. Qxf3 e6 10. Bxh6 gxh6 11. Qe3 Rg8 12. 0-0 Qg5 13. Qxg5 hxg5 14. c4 dxc4 15. Nd2 Bxc5 16. Nxc4 Ke7 17. Bxc6 bxc6 18. Rfd1 g4 19. hxg4 Rxg4 20. Rac1 Rag8 21. Kf1 Rxg2 22. Rc2 a4 23. Na5 Rg1+ 24. Ke2 Rxd1 25. Kxd1 Rd8+ 26. Ke2 Rd5 27. f4 f6 28. exf6+ Kxf6 29. Nxc6 Kf5 30. Rc4 h5 31. Rxa4 h4 32. Ra8 Kxf4 33. b4 Bd6 34. Rh8 Kg3 35. Rg8+ Kf4 36. Rh8 Kg4 37. b5 Rxb5 38. Nd4 Re5+ 39. Kf1 Bxa3 40. Rg8+ 1-0

[Event "Titled Tuesday intern op 28th Apr"]
[Site "Chess.com INT"]
[Date "2020.04.28"]
[Round "9"]
[White "Vavulin, Maksim"]
[Black "Hasanagic, Anel"]
[Result "1/2-1/2"]
[WhiteElo "2554"]
[BlackElo "2070"]
[PlyCount "112"]
[EventDate "2020.04.28"]
[EventType "swiss (blitz)"]
[EventRounds "10"]
[EventCountry "USA"]
[SourceTitle "CBM 195 Extra"]
[Source "ChessBase"]
[SourceDate "2020.05.31"]
[SourceVersion "1"]
[SourceVersionDate "2020.05.31"]
[SourceQuality "1"]

1. e4 c6 2. d4 d5 3. Nc3 b5 4. a3 dxe4 5. Nxe4 Bf5 6. Ng3 Bg6 7. Nf3 Nd7 8. Nh4 e6 9. Nxg6 hxg6 10. Qf3 Rc8 11. a4 b4 12. Ba6 Rb8 13. Qxc6 Rb6 14. Qc4 Ngf6 15. a5 Rd6 16. Bb5 Be7 17. Bf4 Rd5 18. Bc6 Rxa5 19. 0-0 Rxa1 20. Rxa1 0-0 21. Rxa7 Nb6 22. Qd3 Nfd5 23. Bd2 Qb8 24. Ra1 Rc8 25. Bxd5 Nxd5 26. Nf1 Qc7 27. Rc1 Bd6 28. g3 Qb7 29. Ne3 Nxe3 30. Bxe3 Qf3 31. Ra1 Kh7 32. Qa6 Rc6 33. Qb7 g5 34. c4 bxc3 35. bxc3 g4 36. Qb3 e5 37. d5 Rc8 38. c4 Bc5 39. Qc2+ g6 40. Bxc5 Rxc5 41. Re1 Qxd5 42. cxd5 Rxc2 43. Rxe5 Rd2 44. Kf1 Kg7 45. Ke1 Rd4 46. Ke2 Kf6 47. Re8 Rxd5 48. Rh8 Rh5 49. Rxh5 gxh5 50. Ke3 Ke5 51. f3 f5 52. fxg4 fxg4 53. Kd3 Kd5 54. Ke3 Ke5 55. Kd3 Kd5 56. Ke3 Ke5 1/2-1/2

[Event "Latschach op 30th"]
[Site "Latschach"]
[Date "2014.08.10"]
[Round "3"]
[White "Hasanagic, Anel"]
[Black "Rotstein, Arkadij"]
[Result "0-1"]
[WhiteElo "2154"]
[BlackElo "2497"]
[PlyCount "76"]
[EventDate "2014.08.09"]
[EventType "swiss"]
[EventRounds "9"]
[EventCountry "AUT"]
[SourceTitle "CBM 161 Extra"]
[Source "ChessBase"]
[SourceDate "2014.08.29"]
[SourceVersion "1"]
[SourceVersionDate "2014.08.29"]
[SourceQuality "1"]

1. e4 c5 2. c3 Nf6 3. e5 Nd5 4. Nf3 e6 5. Bc4 d6 6. 0-0 Nb6 7. Bb5+ Bd7 8. Bxd7+ N8xd7 9. exd6 Bxd6 10. d4 0-0 11. Nbd2 Nf6 12. dxc5 Bxc5 13. Qe2 Qd5 14. Nb3 Be7 15. Bg5 h6 16. Rad1 Qc4 17. Qxc4 Nxc4 18. Bc1 Rfd8 19. Nbd4 Nd5 20. Ne2 Bf6 21. Rd3 b5 22. Rfd1 Rdc8 23. a3 a5 24. Ng3 b4 25. axb4 axb4 26. Ne4 Nf4 27. Nxf6+ gxf6 28. Bxf4 Nxb2 29. Rd7 Nxd1 30. Rxd1 b3 31. Nd2 Rxc3 32. Rb1 e5 33. Bxh6 Kh7 34. Be3 Ra2 35. Kf1 b2 36. Ne4 Rc2 37. Ke1 Ra1 38. Kd1 Rc4 0-1

[Event "Zadar op-B 20th"]
[Site "Zadar"]
[Date "2013.12.18"]
[Round "5"]
[White "Hasanagic, Anel"]
[Black "Bozinovic, Bogdan"]
[Result "1/2-1/2"]
[WhiteElo "2141"]
[BlackElo "2248"]
[PlyCount "29"]
[EventDate "2013.12.15"]
[EventType "swiss"]
[EventRounds "9"]
[EventCountry "CRO"]
[SourceTitle "CBM 158 Extra"]
[Source "ChessBase"]
[SourceDate "2014.02.28"]
[SourceVersion "1"]
[SourceVersionDate "2014.02.28"]
[SourceQuality "1"]

1. e4 c5 2. c3 d5 3. exd5 Qxd5 4. d4 g6 5. Na3 Bg7 6. Be3 cxd4 7. Nb5 Na6 8. Bxd4 Bxd4 9. Qxd4 Qxd4 10. Nxd4 Nf6 11. Bb5+ Kf8 12. Bxa6 bxa6 13. Ngf3 Bb7 14. 0-0 Kg7 15. Rfe1 1/2-1/2

[Event "SLO-chT2 West"]
[Site "Ljubljana"]
[Date "2013.11.08"]
[Round "1.2"]
[White "Lucovnik, Tilen"]
[Black "Hasanagic, Anel"]
[Result "1/2-1/2"]
[WhiteElo "1952"]
[BlackElo "2137"]
[PlyCount "55"]
[EventDate "2013.11.08"]
[EventType "team"]
[EventRounds "9"]
[EventCountry "SLO"]
[SourceTitle "EXT 2015"]
[Source "ChessBase"]
[SourceDate "2014.11.20"]
[SourceVersion "1"]
[SourceVersionDate "2014.11.20"]
[SourceQuality "1"]
[WhiteTeam "Komenda Popotnik"]
[BlackTeam "Jesenice"]
[WhiteTeamCountry "SLO"]
[BlackTeamCountry "SLO"]

1. e4 c6 2. d4 d5 3. Nc3 b5 4. exd5 b4 5. Nce2 cxd5 6. Ng3 Nf6 7. Nf3 Bg4 8. h3 Bxf3 9. Qxf3 e6 10. Bd3 Qb6 11. Be3 Nc6 12. Ne2 Rc8 13. 0-0 Na5 14. c3 Nc4 15. Bxc4 Rxc4 16. b3 Rxc3 17. Nxc3 bxc3 18. Rac1 Ne4 19. Qe2 Bb4 20. Rfd1 Qa5 21. f3 Ng3 22. Qd3 0-0 23. Bf2 Nf5 24. a3 Qxa3 25. Ra1 Qb2 26. Rab1 Qa3 27. Ra1 Qb2 28. Rab1 1/2-1/2

[Event "Latschach op 29th"]
[Site "Latschach"]
[Date "2013.08.15"]
[Round "7"]
[White "Hasanagic, Anel"]
[Black "Singer, Richard"]
[Result "1-0"]
[WhiteElo "2112"]
[BlackElo "2253"]
[PlyCount "83"]
[EventDate "2013.08.10"]
[EventType "swiss"]
[EventRounds "9"]
[EventCountry "AUT"]
[SourceTitle "CBM 155 Extra"]
[Source "ChessBase"]
[SourceDate "2013.08.26"]
[SourceVersion "1"]
[SourceVersionDate "2013.08.26"]
[SourceQuality "1"]

1. e4 g6 2. d4 Bg7 3. Be3 d6 4. Qd2 c6 5. a4 Nf6 6. f3 h5 7. h4 Qc7 8. Nh3 Bxh3 9. Rxh3 Nbd7 10. c4 c5 11. d5 Nb8 12. Be2 Na6 13. Nc3 Nb4 14. Rh1 a6 15. g3 Nd7 16. Kf2 Ne5 17. Kg2 0-0-0 18. Raf1 Qd7 19. b3 Kb8 20. Nd1 e6 21. Nf2 exd5 22. cxd5 Rc8 23. Rc1 f5 24. exf5 gxf5 25. Nh3 Rhe8 26. Rhe1 Qf7 27. Rcd1 Ng6 28. f4 Qxd5+ 29. Bf3 Qxd2+ 30. Bxd2 Rxe1 31. Rxe1 Rg8 32. Bxb4 cxb4 33. Re6 Bh6 34. Kf2 Bg7 35. Kf1 Bf8 36. Re8+ Kc7 37. Bxh5 Ne7 38. Ng5 Kd7 39. Bf7 Rh8 40. Rb8 Kc7 41. Re8 Kd7 42. Ne6 1-0

[Event "Latschach op 29th"]
[Site "Latschach"]
[Date "2013.08.11"]
[Round "2"]
[White "Pardo Simon, David"]
[Black "Hasanagic, Anel"]
[Result "1-0"]
[WhiteElo "2445"]
[BlackElo "2112"]
[PlyCount "97"]
[EventDate "2013.08.10"]
[EventType "swiss"]
[EventRounds "9"]
[EventCountry "AUT"]
[SourceTitle "CBM 155 Extra"]
[Source "ChessBase"]
[SourceDate "2013.08.26"]
[SourceVersion "1"]
[SourceVersionDate "2013.08.26"]
[SourceQuality "1"]

1. d4 f5 2. Bg5 g6 3. h4 Bg7 4. Nc3 d6 5. e4 fxe4 6. Nxe4 Nf6 7. Bd3 Nc6 8. c3 Bf5 9. Qe2 Nxe4 10. Bxe4 Qd7 11. Nf3 h6 12. Bd2 Bxe4 13. Qxe4 Qf5 14. Qxf5 gxf5 15. d5 Ne5 16. Nd4 Nd3+ 17. Ke2 Bxd4 18. cxd4 Nxb2 19. Rhc1 Na4 20. Rxc7 Nb6 21. Rxb7 Nxd5 22. Rab1 Kf7 23. R7b5 Ke6 24. Kd3 Nc7 25. d5+ Kf7 26. Ra5 a6 27. Rb7 Rac8 28. Be3 Rhg8 29. g3 Rg4 30. Bxh6 Re4 31. Be3 Re5 32. Bd4 Re1 33. Kd2 Re4 34. Be3 Re5 35. Bf4 Re4 36. h5 Rd4+ 37. Ke3 Re4+ 38. Kf3 Nb5 39. Rxa6 Nd4+ 40. Kg2 Rc2 41. Ra3 Ne2 42. Bxd6 Nc3 43. Ra5 Ree2 44. Bc5 Nd1 45. d6 Nxf2 46. Kf3 Nd3 47. dxe7 Ne1+ 48. Kf4 Rc4+ 49. Kxf5 1-0